000
00332nam a2200157Ia 4500
100
_a
Pandolfi/Fred/ Oliver/W
250
_a
4
942
_c
BK
654
_a
Computer
245
_a
Mike Microsoft Foundation 4 Bible
260
_b
Techmedia
_c
1998
082
_a
5.133
_b
PAN
300
_a
1132
546
_a
ENGLISH
999
_c
27050
_d
27050